| 000 | 00499nam a2200169Ia 4500 | ||
|---|---|---|---|
| 003 | OSt | ||
| 005 | 20200915101211.0 | ||
| 008 | 190216s9999||||xx |||||||||||||| ||und|| | ||
| 040 | _coclc | ||
| 082 |
_a892.7 _bHAS/C |
||
| 100 |
_aHassan, O K _94576 |
||
| 245 | 0 |
_aCollection From Modern Arabic Literature In Prose And Poetry / _cO K Hassan |
|
| 260 |
_bTirurangadi Book Stall, _aKozhikode: |
||
| 300 | _a128p | ||
| 650 | _aArabic | ||
| 942 |
_cBK _2ddc _h892.7 _iHAS/C _k892.7 _mHAS/C |
||
| 999 |
_c712 _d712 |
||